000
00225nam a22000857a 4500
008
160702b xxu||||| |||| 00| 0 eng d
100
_9
1770
_a
Nasrin
245
_a
Environmental Educational for us
260
_a
New Delhi
_b
A.P.H
_c
2004
999
_c
1474
_d
1474